| 000 | 00582nam a2200217 a 4500 | ||
|---|---|---|---|
| 001 | 53294 | ||
| 003 | BD-RjUL | ||
| 005 | 20211209075935.0 | ||
| 008 | 161005s1972 ilu b 001 0 eng | ||
| 035 | _a(BD-RjUL)53414 | ||
| 040 |
_aDLC _cDLC _dDLC _beng |
||
| 041 | _aeng | ||
| 082 | 0 | 0 |
_223 _a341 _bRAI 1972 |
| 100 | 1 |
_aRashid, Harunur _9159310 |
|
| 245 | 1 | 3 |
_aAn introduction to international law _cHarunur Rashid |
| 260 |
_aChicago : _bNelson-Hall, _c1972 |
||
| 300 |
_axi, 191 p. _c23 cm. |
||
| 500 | _ainclude index | ||
| 650 | 0 |
_aInternational law. _9159311 |
|
| 942 |
_2ddc _cBK |
||
| 999 |
_c53294 _d53294 |
||